00681nam a2200205 i 4500001000400000100001700004245004800021260003800069300003000107500005600137500003300193505002000226650002400246650002100270020002900291040000800320041000800328008004100336856009800377bgj1 aBEARE, Beryl10aScotland :bmyths & legends /cBeryl Beare. aEdinburgh :bLomond Books,c1997. a80 pp :bphotos ;c21 cm. a1st published in Great Britain in 1996 by Parragon. aThis is exclusively edition. aIncludes index. 9aMythology, Scottish 9aScottish legends a0752516949 (pbk, jacket) cBPK0 aeng s uk f |000 0 eng  uhttp://koha.tu.koszalin.pl/cgi-bin/koha/opac-detail.pl?biblionumber=50114yKatalog online BPK